000 00667nam a22001817a 4500
003 UA-OsUOA
001 14194
007 ta
008 20030723b un ||||| |||| 00| 0 ukr d
100 _aЛєснічук В.
942 _cSA
040 _aUA-OsUOA
_cUA-OsUOA
_dUA-OsUOA
245 _aЖив і трудився в Сарнах
_b[Про гвардії старшину Ф.І.Мініна - єдиного на Сарненщині Героя Радянського Союзу]
300 _aС.3
955 _a0
773 0 _w0
_tСарненські новини
_dСарни
_d2003
_g№47/13 трав./
650 7 _aГерої Радянського Союзу
_2UDC
999 _c300355
_d300355